Охорона та захист цивільних прав громадян у зв'язку з тимчасовою окупацією частини території України (Запис № 571294)

МАРК-запис
000 -Лідер
fixed length control field 02967 a2200265 4500
003 - Ідентифікатор контрольного номера
control field UA-OsUOA
005 - Дата та час останнього входження (трансакції)
control field 20210819100244.0
008 - Елементи даних фіксованої довжини – загальна інформація
fixed length control field 210819b un ||||| |||| 00| 0 ukr d
020 ## - Міжнародний стандартний книжковий номер (ISBN)
Міжнародний стандартний книжковий номер (ISBN) (НП) 9786177974306
040 ## - Джерело каталогізації
Агенція оригінальної каталогізації UA-OsUOA
Мова каталогізації ukr
Агенція, яка здійснювала перезапис UA-OsUOA
Агенція, яка здійснювала модифікацію UA-OsUOA
041 ## - Код мови
Код мови тексту/ звукової доріжки чи окремого заголовка (П) ukr
080 ## - Індекс Універсальної десяткової класифікації
Індекс Універсальної десяткової класифікації (УДК) (НП) 347.122(477)
090 ## - Локальний шифр розміщення
Класифікаційний індекс УДК 347.122(477)
Авторський знак (НП) Л82
100 ## - Основне введення – ім’я особи
Ім’я особи (НП) Луцька Г. В.
110 ## - Наймення організації – загальна інформація
Найменування колективу або юрисдикції як початковий елемент введення Приватний вищий навчальний заклад "Університет короля Данила"
245 ## - Відомості про назву
Назва (НП) Охорона та захист цивільних прав громадян у зв'язку з тимчасовою окупацією частини території України
Решта назви (НП) монографія
Дані про відповідальність (НП) Г. В. Луцька
260 ## - Публікація, розповсюдження і т.п. (Вихідні дані)
Місце публікації, розповсюдження і т.п. (П) К.
Ім’я/ наймення видавництва, розповсюджувача і т.п. (П) Людмила
Дата публікації, розповсюдження і т.п. (П) 2020
300 ## - Фізичний опис
Обсяг 204 с.
505 00 - Форматована примітка про зміст
Форматована примітка про зміст Зміст<br/>1. Законодавчі засади регулювання цивільних та цивільно-процесуальних відносин за участю громадян на тимчасово окупованій території України<br/>2. Теоретико-методологічні засади дослідження охорони та захисту цивільних прав громадян на тимчасово окупованій території України<br/>3. Реалізація цивільних прав жителями тимчасово окупованої території України в нотаріальному процесі<br/>4. Охорона та захист цивільних прав жителів тимчасово окупованої території України у цивільному судочинстві
520 ## - Резюме і т.п.
Резюме, реферат, анотація, тощо (НП) У монографії представлене комплексне дослідження теоретичних і нормативних засад за практичних проблем охорони та захисту цивільних прав громадян у зв’язку з тимчасовою окупацією частини території України. Визначається місце тимчасової окупації в системі юридичних фактів цивільного права. Для науковців, викладачів, суддів, нотаріусів, практикуючих юристів, аспірантів, здобувачів вищої юридичної освіти, а також всіх, хто цікавиться проблемами охорони та захисту цивільних прав громадян на тимчасово окупованій території України.
650 ## - Додаткове предметне введення – тематичний термін
Джерело заголовка чи терміна UDC
Тематичний термін чи географічна назва, як елемент введення (НП) 347 Цивільне право
942 ## - Додаткові елементи входу (Коха)
Тип елемента Koha Книги
Source of classification or shelving scheme Universal Decimal Classification
955 ## - Код типу видання за змістом
Код типу видання за змістом (НП) Наукові видання
Фонди
Стан вилучень Стан втрат Джерело класифікації або схеми стелажів Стан уражень Не для кредиту Код колекції Постійне місце розташування Поточне розміщення Дата придбання Джерело придбання Вартість, звичайна ціна покупки Усього замовленно Повний номер виклику Штрих-код Дата останнього перегляду Вартість, ціна заміни Ціна ефективна від Тип елемента Koha
    Universal Decimal Classification     Колекція Колоса М.І. ЧЗ - Читальна зала ЧЗ - Читальна зала 19/08/2021 №22/03.08.21 40.00   347.122(477) Л82 163819 11/02/2022 40.00 19/08/2021 Книги